| 000 | 00896nas a2200277 4500 | ||
|---|---|---|---|
| 001 | BR9901271 | ||
| 003 | BR-BrBNA | ||
| 005 | 20231205101311.0 | ||
| 007 | ta | ||
| 008 | 230509b bl.|||p| |||| 00| 00por d | ||
| 040 |
_aBR-BrBNA _bpor _cBiblioteca Nacional de Agricultura |
||
| 041 | _a(Pt) | ||
| 072 | _aL73 | ||
| 100 | 1 | _aCarneiro, M.I.M. | |
| 100 | 1 | _aMathias, L.A. | |
| 100 | 1 | _aGirio, R.J.S. | |
| 245 | 1 | _aPesquisa de anticorpos contra Brucella sp em rebanhos suinos da regiao de Jaboticabal-SP atraves das provas de soroaglutinacao em placa, rosa bengala e fixacao de complemento | |
| 650 | _aSUÍNO | ||
| 650 | _aBrucelose | ||
| 650 | _aSoro-Aglutinacao | ||
| 650 | _aDiagnostico | ||
| 650 | _aSao Paulo | ||
| 773 | 0 |
_tARS Veterinaria (Brazil) _xISSN 0102-6380 _g(Apr 1998), v. 14(1) p. 70-78 _wBR9901271 |
|
| 909 |
_a202311 _bLúcia _c55 _dLúcia Elande |
||
| 942 |
_2AGRIS _n0 _cANA |
||
| 999 |
_c160997 _d160997 |
||